Artificial neural networks for computer vision / (Record no. 175404)

000 -LEADER
fixed length control field 01019 a2200241 4500
003 - CONTROL NUMBER IDENTIFIER
control field NUST
005 - DATE AND TIME OF LATEST TRANSACTION
control field 20221021155237.0
010 ## - LIBRARY OF CONGRESS CONTROL NUMBER
LC control number 91027831
020 ## - INTERNATIONAL STANDARD BOOK NUMBER
International Standard Book Number 0387976833 (New York)
020 ## - INTERNATIONAL STANDARD BOOK NUMBER
International Standard Book Number 3540976833 (Berlin)
040 ## - CATALOGING SOURCE
Transcribing agency Nust
082 00 - DEWEY DECIMAL CLASSIFICATION NUMBER
Classification number 006.3,ZHO
100 1# - MAIN ENTRY--PERSONAL NAME
Personal name Zhou, Yi-Tong.
9 (RLIN) 101127
245 10 - TITLE STATEMENT
Title Artificial neural networks for computer vision /
Statement of responsibility, etc. Yi-Tong Zhou, Rama Chellappa.
260 ## - PUBLICATION, DISTRIBUTION, ETC.
Place of publication, distribution, etc. New York :
Name of publisher, distributor, etc. Springer-Verlag,
Date of publication, distribution, etc. c1992.
300 ## - PHYSICAL DESCRIPTION
Extent xi, 170 p. :
Other physical details ill. ;
Dimensions 24 cm.
440 #0 - SERIES STATEMENT/ADDED ENTRY--TITLE
Title Research notes in neural computing ;
Volume/sequential designation v. 5
9 (RLIN) 101128
505 ## - FORMATTED CONTENTS NOTE
Formatted contents note Introduction (Page-1), Computational Neural Network (Page-6), Static Stereo (Page-15), Motion Stereo Lateral Motion (Page-44), Motion Stereo Longitudinal Motion (Page-63),Computation Of Optical Flow (Page-83), Image Restoration (Page-122), Conclusions And Future Research (Page-147).
650 #0 - SUBJECT ADDED ENTRY--TOPICAL TERM
Topical term or geographic name entry element Computer vision.
650 #0 - SUBJECT ADDED ENTRY--TOPICAL TERM
Topical term or geographic name entry element Neural networks (Computer science)
9 (RLIN) 18586
700 1# - ADDED ENTRY--PERSONAL NAME
Personal name Chellappa, Rama.
9 (RLIN) 101129
942 ## - ADDED ENTRY ELEMENTS (KOHA)
Koha item type Book
Source of classification or shelving scheme
Call number prefix 006.3,ZHO
Holdings
Withdrawn status Lost status Source of classification or shelving scheme Damaged status Not for loan Permanent Location Current Location Shelving location Date acquired Full call number Barcode Date last seen Price effective from Koha item type Public note
          Military College of Signals (MCS) Military College of Signals (MCS) General Stacks 12/12/2016 006.3,ZHO MCS338 12/08/2016 12/12/2016 Book Almirah No.7, Shelf No.3
© 2023 Central Library, National University of Sciences and Technology. All Rights Reserved.